000 00711nam a2200289Ia 4500
005 20260324123014.0
008 008 260324s9999 xx 000 0 eng d
020 _a9780203111376
037 _aEBOOK
040 _aCRL
040 _beng
040 _cCRL
041 _2eng
041 _aeng
084 _qCRL
100 _aVirpi Havila; Helén Anderson; Fredrik Nilsson
_91168663
245 0 _aMergers and Acquisitions
245 4 _bThe Critical Role of Stakeholders
260 _bTaylor and Francis
260 _c2012
365 _a
365 _b70.99
856 _uhttp://www.taylorfrancis.com/books/9780203111376
942 _cEBOOK
999 _c1761802
_d1761802